The Bushman myth : the making of a Namibian underclass

Αποθηκεύτηκε σε:
Λεπτομέρειες βιβλιογραφικής εγγραφής
Κύριος συγγραφέας: Gordon, Robert J. 1947-
Μορφή: Βιβλίο
Γλώσσα:English
Δημοσίευση: Boulder : Westview , 1992
Σειρά:Conflict and social change series
Θέματα:
Ετικέτες: Προσθήκη ετικέτας
Δεν υπάρχουν, Καταχωρήστε ετικέτα πρώτοι!

MARC

LEADER 00000nam a2200000 i 4500
001 1/96682
008 941115s1992 eng d
020 |a 0-8133-1173-X 
035 |l 10010274 
040 |a GR-MY-UA  |b gre  |e aacr 
041 0 |a eng 
082 0 |a 306.4089961 
100 1 |a Gordon, Robert J.  |d 1947- 
245 1 4 |a The Bushman myth :  |b the making of a Namibian underclass /  |c Robert J. Gordon 
260 |a Boulder :   |b Westview ,   |c 1992 
300 |a 304 p. 
490 1 |a Conflict and social change series 
504 |a Includes bibliographical references and index 
650 0 0 |a San (African people) 
650 0 0 |a Culture conflict. 
650 0 0 |a Intercultural communication. 
651 0 |a Namibia  |x Social conditions. 
830 0 |a Conflict and social change series 
852 |a INST  |b LESVOS  |e 19941115  |h 306.4089961 GOR  |p 005100003392  |q 005100003392  |t BK  |y 0 
852 |a INST  |b LESVOS  |e 19981201  |h 306.4089961 GOR  |p 005100017308  |q 005100017308  |t BK  |y 0 
909 |a Λ  |b 036325 
909 |a Λ  |b 060942 
922 |a 1ΕΛΗ  |b 199811  |c ΚΠΣ/ΤΚ  |d ΠΑΠΑΣΩΤΗΡΙΟΥ 
950 |a 103-1998-07-27